000
00296nam a2200121Ia 4500
999
_c
6785
_d
6785
008
191201s2012 xx 000 0 und d
100
_a
SHAKESPEARE, William
245
0
_a
Tempest
260
_b
KALYANI NAVYOG MEDIA PVT LTD
_c
2012
300
_a
93
650
_a
General Books
942
_2
ddc
_c
BK
_0
2